| 000 | 00459nam a22001577a 4500 | ||
|---|---|---|---|
| 008 | 101122t xxu||||| |||| 00| 0 eng d | ||
| 020 | _a9780857760142 | ||
| 082 |
_a101 _bINT |
||
| 100 |
_921232 _aAlmisbkawy, Mohammed Ali |
||
| 245 |
_aIntroduction to Philosophy / _cCompiled by Mohammed Ali Almisbkawy |
||
| 260 |
_aHarlow : _bPearson, 2011 _c2011 |
||
| 300 |
_a440 p. ; _c25 cm. |
||
| 650 |
_91597 _aPhilosophy |
||
| 653 | _cSeptember2013 | ||
| 942 |
_2ddc _cNB |
||
| 999 |
_c14842 _d14842 |
||